Vista normal Vista MARC

Entrada Materia (personas)

Número de registros utilizados en: 1

001 - CONTROL NUMBER

  • control field: 167786

003 - CONTROL NUMBER IDENTIFIER

  • control field: Co-BoUCM

005 - DATE AND TIME OF LATEST TRANSACTION

  • control field: 20211112074537.0

008 - FIXED-LENGTH DATA ELEMENTS

  • fixed length control field: 211112|| aca||aabn | a|a d

040 ## - CATALOGING SOURCE

  • Original cataloging agency: Co-BoUCM
  • Transcribing agency: Co-BoUCM

100 ## - HEADING--PERSONAL NAME

  • Personal name: Acosta, Leonardo
  • Dates associated with a name: 1933-

670 ## - SOURCE DATA FOUND

  • Source citation: Work cat.: (Co-BoUCM)70836: Acosta, Leonardo 1933-, Penetración cultural imperialista en América Latina comics y revistas femeninas, [fecha desconocida]